00000000nam 2200000zi 4500
0019.908410
003CaOODSP
00520231031153239
006m     o  d f      
007cr |||||||||||
008220223s2022    quca    o    f000 0 fre d
020 |a9780660421926
040 |aCaOODSP|bfre|erda|cCaOODSP
043 |an-cn---
0861 |aST99-80/2022F-PDF
24500|aIngénieux, résilient, prêt : |bstratégie canadienne de l'observation de la Terre par satellite.
24610|aStratégie canadienne de l'observation de la Terre par satellite
264 1|a[Saint-Hubert, QC] : |b[Agence spatiale canadienne], |c2022.
264 4|c©2022
300 |a1 ressource en ligne (25 pages) : |billustrations en couleur
500 |aPublié aussi en anglais sous le titre : Resourceful, resilient, ready : Canada's strategy for satellite earth observation.
650 6|aSatellites artificiels|xPolitique gouvernementale|zCanada.
650 6|aSatellites artificiels en télédétection|zCanada.
7102 |aAgence spatiale canadienne, |eorganisme de publication.
77508|tResourceful, resilient, ready : |w(CaOODSP)9.908408
7760#|tStratégie canadienne de l'observation de la Terre par satellite.|w(CaOODSP)9.908411
85640|qPDF|s2.30 Mo|uhttps://publications.gc.ca/collections/collection_2022/asc-csa/ST99-80-2022-fra.pdf
8564 |qHTML|sS.O.|uhttps://www.asc-csa.gc.ca/fra/publications/strategie-canadienne-observation-terre-par-satellite/default.asp